• 首页
  • 本馆介绍
  • 公告通知
  • 最新文献
  • 馆藏检索
  • 电子资源
  • 读者导购
  • 参考咨询
  • 我的图书馆
  • 登录
  • 详细信息显示
  • 放入我的书架
  • 预约/预借图书
  • 作者相关作品
  • 分类相关作品
  • 丛书相关作品
  • 出版社相关作品

书目信息

  • 表格格式
  • 工作单格式
  • 卡片格式
题名:
寿命周期费用评价法
    
 
作者: 日比宗平 主编 ;李敏 , 高克凓 译
分册:  
出版信息: 北京   机械工业出版社  1984
页数: 224页
开本: 19cm
丛书名:
单 册:
中图分类: F406.4
科图分类:
主题词: 工业生产设备--评价 , 工业经济--经济理论
电子资源:
ISBN:
000 00789nam0 2200265 45
001 0184013821
005 20060809111358.14
010    @dCNY1.20
091    @a15033.5720
100    @a19950615d1984 em y0chiy0121 ea
101 1  @achi@cjpn
102    @aCN@b110000
105    @ay z000yy
200 10 @a寿命周期费用评价法@Ashou ming zhou qi fei yong ping jia fa@e方法及实例@f(日)日比宗平主编@g高克凓,李敏译
210    @a北京@c机械工业出版社@d1984
215    @a224页@d19cm
606    @a工业生产设备@x评价
606 0  @a工业经济@x经济理论
690    @aF406.4@v3
701  0 @a日比宗平@Ari bi zong ping@4主编
702  0 @a李敏@Ali min@4译
702  0 @a高克凓@Agao ke ji@4译
801  2 @aCN@bNLC@c20060809
801  0 @aCN@b上海图书馆@c20060809
905    @f2@b132237-238@dF406.4@e126
    
    寿命周期费用评价法:方法及实例/(日)日比宗平主编/高克凓,李敏译.-北京:机械工业出版社,1984
    224页;19cm
    
    
    ISBN :CNY1.20
    
●
相关链接 在E读中查询图书 在五车中查询图书 在当当中查询图书 在豆瓣中查询图书


正题名:寿命周期费用评价法     索取号:F406.4/126         预约/预借

序号 登录号 条形码 馆藏地/架位号 状态 备注
1 0132237   001443959   第一借阅区/ [索取号:F406.4/126] 在馆    
2 0132238   001443968   第一借阅区/ [索取号:F406.4/126] 在馆    
3 0132239   202099923   第一样本阅览室/ [索取号:F406.4/126] 在馆    
4 0447884   204478840   密集书库/ [索取号:F406.4/126] 在馆    
5 0447885   204478859   密集书库/ [索取号:F406.4/126] 在馆    
唐山师范学院图书馆 欢迎您!
大连网信软件有限公司© 版权所有